Statistics for Nfl GOATS

Click here to take the quiz!

General Stats

  • This quiz has been taken 38 times
  • The average score is 11 of 22

Answer Stats

HintAnswer% Correct
Patriottom brady
97%
49erjoe montana
94%
49erjerry rice
91%
viking and patriotrandy moss
88%
lionsbarry sanders
79%
giantsLawrence taylor
76%
broncosjohn elway
74%
packersAaron rodgers
50%
49erssteve young
47%
patriotsrob gronkowski
44%
lionscalvin johnson
44%
brownsjim brown
41%
packersbrett farve
38%
cowboystony romo
35%
cowboysemmit smith
32%
steelersantonio brown
29%
broncospayton manning
24%
falconsjulio jones
24%
cowboysdez bryant
15%
steelersleveon bell
12%
steelersjames harrison
9%
steelersben rothlesburger
6%

Score Distribution

Percentile by Number Answered

Percent of People with Each Score

Your Score History

You have not taken this quiz